Ahya ul Uloom (Jild-4) (Record no. 529931)
[ view plain ]
| 000 -LEADER | |
|---|---|
| fixed length control field | 00226nam a2200097 4500 |
| 040 ## - CATALOGING SOURCE | |
| Transcribing agency | DLC |
| 082 ## - DEWEY DECIMAL CLASSIFICATION NUMBER | |
| Classification number | 297.03 |
| Author Mark | HAM |
| 100 ## - MAIN ENTRY--PERSONAL NAME | |
| Personal name | Imam Abu Hamid Muhammad al Ghazali |
| 9 (RLIN) | 22949 |
| 245 ## - TITLE STATEMENT | |
| Title | Ahya ul Uloom (Jild-4) |
| 942 ## - ADDED ENTRY ELEMENTS (KOHA) | |
| Source of classification or shelving scheme | |
| Koha item type | Book |
| Withdrawn status | Lost status | Source of classification or shelving scheme | Damaged status | Not for loan | Permanent Location | Current Location | Date acquired | Total Checkouts | Total Renewals | Full call number | Barcode | Date last seen | Date last checked out | Price effective from | Koha item type |
|---|---|---|---|---|---|---|---|---|---|---|---|---|---|---|---|
| School of Civil and Environmental Engineering (SCEE) | School of Civil and Environmental Engineering (SCEE) | 10/07/2019 | 1 | 1 | 297.03 HAM | NIT-12644 | 07/27/2021 | 10/07/2019 | 10/07/2019 | Book |
